Grey's Anatomy Children - Statistics

General Stats
  • This quiz has been taken 600 times
  • The average score is 23 of 35
Answer Stats
Parent Child % Correct
Meredith Grey Zola Shepherd
98%
Derek Shepherd Zola Shepherd
98%
Meredith Grey Derek Bailey Shepherd
95%
Derek Shepherd Derek Bailey Shepherd
95%
Meredith Grey Ellis Shepherd
93%
Derek Shepherd Ellis Shepherd
93%
Thatcher Grey Meredith Grey
91%
Thatcher Grey Lexie Grey
90%
Catherine Fox Jackson Avery
89%
Richard Webber Maggie Pierce
89%
Miranda Bailey William 'Tuck' Jones Jr
88%
Callie Torres Sofia Robbins Sloan Torres
86%
Arizona Robbins Sofia Robbins Sloan Torres
86%
Mark Sloan Sofia Robbins Sloan Torres
86%
Jackson Avery Harriet Kepner-Avery
73%
April Kepner Harriet Kepner-Avery
73%
Mark Sloan Sloan Riley
72%
Jackson Avery Samuel Norbert Avery
65%
April Kepner Samuel Norbert Avery
65%
Amelia Shepherd Scout Derek Shepherd Lincoln
60%
Atticus Lincoln Scout Derek Shepherd Lincoln
60%
Owen Hunt Leo Hunt
58%
Jo Wilson Luna Wilson
56%
Thatcher Grey Molly Grey-Thompson
51%
Teddy Altman Alison Hunt
42%
Owen Hunt Alison Hunt
42%
Amelia Shepherd Christopher Shepherd
37%
Alex Karev Eli
37%
Izzie Stevens Eli
37%
Addison Montgomery Henry Montgomery
32%
Alex Karev Alexis
31%
Izzie Stevens Alexis
31%
Miranda Bailey Pruitt Arike Miller
30%
Izzie Stevens Hannah Klein
27%
Miranda Bailey Joey Phillips
25%
No matching quizzes found
Score Distribution
Percent of People with Each Score
Percentile by Number Answered
Your Score History
You have not taken this quiz